[Event "XIII Open"]
[Site "Malaga ESP"]
[Date "2010.02.23"]
[Round "5"]
[White "Ivanov,Jo"]
[Black "Claros Egea,C"]
[Result "1-0"]
[WhiteElo "2409"]
[BlackElo "2271"]

1.d4 d5 2.c4 e6 3.Nc3 c6 4.e3 Nf6 5.Nf3 Bd6 6.Qc2 Nbd7 7.Bd2 O-O 8.h3 h6
9.g4 Qe7 10.g5 hxg5 11.Nxg5 e5 12.dxe5 Nxe5 13.cxd5 cxd5 14.Nxd5 Nf3+ 15.Kd1 Nxg5
16.Nxe7+ Bxe7 17.Bg2 Bd7 18.Bc3 Rfd8 19.Ke1 Bb5 20.Qf5  1-0

[Event "Gotth' Art Cup IM"]
[Site "Szentgotthard HUN"]
[Date "2010.02.24"]
[Round "3"]
[White "Szabo,Ben"]
[Black "Feher,Ad"]
[Result "1/2-1/2"]
[WhiteElo "2261"]
[BlackElo "2260"]

1.d4 d5 2.c4 e6 3.Nc3 c6 4.e3 Nf6 5.Nf3 Nbd7 6.Qc2 Bd6 7.b3 O-O 8.Bb2 e5
9.Be2 dxc4 10.bxc4 exd4 11.exd4 Re8 12.O-O Nf8 13.Rad1 Qc7 14.h3 Ng6 15.c5 Bf8
16.Bc1 Be6 17.Ng5 Bd5 18.Nxd5 Nxd5 19.Bc4 h6 20.Nf3 Rad8 21.Qb3 b5 22.cxb6 axb6
23.Bd2 b5 24.Bd3 Ngf4 25.Bb1 Bd6 26.Rfe1 g6 27.Qb2 Nb6 28.Qb3 Nc4 29.Bxf4 Bxf4
30.Bd3 Rxe1+ 31.Rxe1 Na5 32.Qc2 Qd7 33.h4 h5 34.Bxg6 fxg6 35.Qxg6+ Qg7 36.Qxh5 Rf8
37.g3 Bh6 38.Re4 Qh7 39.Qg4+ Qg7 40.Qh5  1/2-1/2

[Event "XIII Open"]
[Site "Malaga ESP"]
[Date "2010.02.25"]
[Round "7"]
[White "Ladron de Guevara Pinto,F"]
[Black "Claros Egea,C"]
[Result "1/2-1/2"]
[WhiteElo "2044"]
[BlackElo "2271"]

1.d4 d5 2.c4 e6 3.Nc3 Nf6 4.Nf3 c6 5.e3 Bd6 6.Qc2 Nbd7 7.Bd2 O-O 8.h3 Re8
9.Be2 dxc4 10.Bxc4 b5 11.Be2 Qe7 12.O-O a6 13.Ng5 c5 14.Bf3 Rb8 15.dxc5 Nxc5
16.Nce4 Ncxe4 17.Nxe4 Nxe4 18.Bxe4 h6 19.Rac1 Bb7 20.Bc6 Rec8 21.Qe4 f5 22.Qf3 Rxc6
23.Rxc6 Qd7 24.Rfc1 Be5 25.Bb4 Bxb2 26.R1c2 Be5 27.Rc1 Rd8 28.g3 Kh7 29.Qg2 Bb2
30.R1c2 Qd1+ 31.Kh2 Bf6 32.e4 Bxc6 33.Rxc6 Qa4 34.a3 a5 35.Ra6 Qc2 36.Bxa5 Rd3
37.Bb4 Qe2 38.Rxe6 f4 39.gxf4 Rf3 40.Bc5 Rxf4 41.Be3 Rf3 42.h4 Qc4 43.Qg4 Qe2
44.Qg2 Qc4 45.Re8 Qc7+ 46.Kg1 Qd7  1/2-1/2

[Event "Reykjavik Open"]
[Site "Reykjavik ISL"]
[Date "2010.02.25"]
[Round "2"]
[White "De Andres Gonalons,F"]
[Black "Karlsson,M"]
[Result "1-0"]
[WhiteElo "2124"]
[BlackElo "1714"]

1.d4 d5 2.c4 c6 3.Nf3 Nf6 4.Nc3 e6 5.e3 Nbd7 6.Bd3 Be7 7.O-O O-O 8.b3 a6
9.Bb2 dxc4 10.bxc4 b5 11.Qe2 Bb7 12.e4 bxc4 13.Bxc4 c5 14.d5 exd5 15.Nxd5 Nxd5
16.Bxd5 Qc7 17.Rfd1 Bf6 18.Bxb7 Qxb7 19.Bxf6 Nxf6 20.e5 Qe7 21.Qc4 Nd7 22.Re1 Rfe8
23.h4 h6 24.Rad1 Nf8 25.Rd6 Qa7 26.h5 Re6 27.Rd5 Rc8 28.Nh4 Qb6 29.Qg4 Qc6
30.Nf5 g5 31.Rd6 Rxd6 32.exd6 Re8 33.Ne7+ Rxe7 34.dxe7 Ne6 35.Qg3  1-0

[Event "ch-IND National Teams"]
[Site "Gurgaon IND"]
[Date "2010.02.26"]
[Round "8"]
[White "Kunte,A"]
[Black "Roop,S"]
[Result "1-0"]
[WhiteElo "2528"]
[BlackElo "2011"]

1.d4 d5 2.c4 c6 3.Nc3 Nf6 4.e3 e6 5.Nf3 Nbd7 6.Qc2 Be7 7.Bd3 dxc4 8.Bxc4 b5
9.Bd3 Bb7 10.O-O a6 11.Ne4 Rc8 12.Rd1 Qb6 13.a4 Nd5 14.Bd2 c5 15.dxc5 Nxc5
16.Nxc5 Bxc5 17.Qb3 b4 18.a5 Qa7 19.Ne5 Qb8 20.Qa4+  1-0

[Event "XIII Open"]
[Site "Malaga ESP"]
[Date "2010.02.26"]
[Round "8"]
[White "Jurado Vazquez,Jo"]
[Black "Fomani,M"]
[Result "1-0"]
[WhiteElo "1956"]
[BlackElo "2029"]

1.c4 c6 2.d4 d5 3.e3 Nf6 4.Nc3 e6 5.Nf3 Nbd7 6.Qc2 Be7 7.Bd3 dxc4 8.Bxc4 O-O
9.O-O b5 10.Bd3 Bb7 11.Rd1 a6 12.a3 Qc7 13.b4 Rad8 14.Ng5 h6 15.Nge4 Ng4
16.f4 f5 17.Nc5 Nxc5 18.bxc5 g5 19.h3 Nf6 20.e4 fxe4 21.Nxe4 Nxe4 22.Bxe4 gxf4
23.Qe2 Rf6 24.Bb2 Bc8 25.Kh1 Rdf8 26.Qg4+ Kh8 27.Qh5 Kg8 28.Bg6 f3 29.gxf3 Qf4
30.Be4 R8f7 31.Bc1 Qc7 32.Bxh6 Rxh6 33.Rg1+ Kf8 34.Qxh6+ Ke8 35.Bg6 Bf8 36.Bxf7+ Qxf7
37.Qg6 Ke7 38.Qxf7+ Kxf7 39.f4 Bg7 40.Rad1 Bh6 41.Kg2 a5 42.Kf3 Bd7 43.Rg3 Be8
44.Rdg1 Kf6 45.Rg8 Bf7 46.Rc8 b4 47.axb4 axb4 48.Rxc6 Kf5 49.Rc8 Bh5+ 50.Ke3 Bxf4+
51.Kd3 Bf3 52.Rf8+  1-0

[Event "XIII Open"]
[Site "Malaga ESP"]
[Date "2010.02.26"]
[Round "8"]
[White "Karim,I"]
[Black "Nava Baro,E"]
[Result "1/2-1/2"]
[WhiteElo "2386"]
[BlackElo "2208"]

1.d4 d5 2.Nf3 e6 3.c4 c6 4.e3 Nf6 5.Nc3 Nbd7 6.Qc2 Bd6 7.Bd3 O-O 8.O-O dxc4
9.Bxc4 e5 10.Rd1 Qe7 11.h3 h6 12.Nh4 Nb6 13.Ng6 Qc7 14.Bb3 Re8 15.dxe5 Bxe5
16.Nxe5 Qxe5 17.Qe2 Be6 18.Bd2 Bxb3 19.axb3 a6 20.Be1 Rad8 21.Rxd8 Rxd8 22.Rd1 Qe7
23.Rxd8+  1/2-1/2

[Event "Reykjavik Open"]
[Site "Reykjavik ISL"]
[Date "2010.02.26"]
[Round "3"]
[White "Helgadottir,S"]
[Black "Ingvason,J"]
[Result "0-1"]
[WhiteElo "1725"]
[BlackElo "2132"]

1.c4 e6 2.Nf3 d5 3.d4 c6 4.e3 Nf6 5.Nc3 Nbd7 6.Bd3 dxc4 7.Bxc4 b5 8.Bb3 Bb7
9.O-O a6 10.Re1 c5 11.e4 cxd4 12.Nxd4 Nc5 13.Bc2 e5 14.Nf3 Qxd1 15.Rxd1 Nfxe4
16.Nxe4 Bxe4 17.Bxe4 Nxe4 18.Re1 f5 19.Nxe5 Bc5 20.Be3 Bxe3 21.Rxe3 O-O 22.f3 Rfe8
23.Nd3 Nd6 24.Rae1 Rxe3 25.Rxe3 Nc4 26.Re2 Rd8 27.Nc5 a5 28.b3 Nb6 29.Nb7 Rd1+
30.Kf2 a4 31.Nc5 a3 32.Na6 Nd5 33.Rc2 f4 34.Rc5 Rd2+ 35.Ke1 Rxa2 36.Rxd5 Ra1+
37.Kf2 a2 38.Rd8+ Kf7 39.Rd7+ Kf8 40.Nc7 Rf1+ 41.Kxf1 a1=Q+ 42.Kf2 Qb2+  0-1

[Event "ch-IND National Teams"]
[Site "Gurgaon IND"]
[Date "2010.02.27"]
[Round "9"]
[White "Sriram,J"]
[Black "Sasikiran,K"]
[Result "0-1"]
[WhiteElo "2511"]
[BlackElo "2653"]

1.d4 Nf6 2.c4 e6 3.Nf3 d5 4.Nc3 c6 5.e3 g6 6.Bd3 Bg7 7.O-O Nbd7 8.e4 dxe4
9.Nxe4 Nxe4 10.Bxe4 Qc7 11.Be3 O-O 12.Rc1 c5 13.Qd2 Nf6 14.Bb1 Rd8 15.Bf4 Qe7
16.Be5 b6 17.Qc3 Bb7 18.dxc5 bxc5 19.Rcd1 Rac8 20.h3 Bxf3 21.Qxf3 Nh5 22.Bxg7 Kxg7
23.b3 e5 24.Bf5 Rb8 25.Bg4 Nf6 26.Qe3 Rd4 27.Rfe1 Re8 28.Bf3 Qc7 29.Qc3 h5
30.Re3 e4 31.Be2 Red8 32.Re1 Qf4 33.Bf1 Rd2 34.f3 R8d4 35.fxe4 Qf2+ 36.Kh2 h4
37.Qc1 Nh5 38.R3e2 Qf4+ 39.Kg1 Ng3 40.Rxd2 Rxd2 41.Qc3+ Kh6 42.Qf3 Qxf3 43.gxf3 Kg5
44.Rb1 Rxa2 45.Bg2 a5 46.Rd1 Ne2+ 47.Kh1 Nd4  0-1

[Event "18th Fajr Open"]
[Site "Mashhad IRI"]
[Date "2010.02.27"]
[Round "11"]
[White "Neelotpal,D"]
[Black "Minasian,Ara"]
[Result "0-1"]
[WhiteElo "2445"]
[BlackElo "2477"]

1.d4 d5 2.c4 c6 3.e3 Nf6 4.Nc3 e6 5.Nf3 Nbd7 6.Qc2 Bd6 7.Bd3 dxc4 8.Bxc4 b5
9.Bd3 Bb7 10.O-O O-O 11.h3 b4 12.Na4 c5 13.dxc5 Rc8 14.Qe2 Bxf3 15.gxf3 Nxc5
16.Nxc5 Rxc5 17.f4 e5 18.fxe5 Rxe5 19.f4 Re7 20.e4 Nxe4 21.Bxe4 Rfe8 22.Bxh7+ Kxh7
23.Qc2+ Kg8 24.Qc6 Re2 25.Qf3 Bc5+ 26.Kh1 Re1 27.Rb1 Qa8 28.Kh2 Qxf3 29.Rxf3 R8e2+  0-1

[Event "GMA"]
[Site "Nancy FRA"]
[Date "2010.02.27"]
[Round "8"]
[White "Charnushevich,A"]
[Black "Ninov,N"]
[Result "1/2-1/2"]
[WhiteElo "2501"]
[BlackElo "2511"]

1.d4 d5 2.c4 e6 3.Nc3 c6 4.e3 Nf6 5.Nf3 a6 6.Bd3 dxc4 7.Bxc4 b5 8.Bb3 c5
9.O-O Bb7 10.Qe2 Nbd7 11.Rd1 Qc7 12.a3 Bd6 13.h3 O-O 14.Ba2 Rac8 15.dxc5 Nxc5
16.Bd2 Rfd8 17.Be1 Ba8 18.b4 Nce4 19.Rac1 Qb7 20.Nxe4 Nxe4 21.Rxc8 Rxc8 22.Bb1 Bf8
23.Bxe4 Qxe4 24.Rd4 Qb1 25.e4 g6 26.Kh2 Bg7 27.Rd3 Qc1 28.Nd2 Be5+ 29.g3 h5
30.Nb3 Qc4 31.Nc5 h4 32.Qe3 hxg3+ 33.fxg3 Bc6 34.Bf2 Qc2 35.Rd2 Qb1 36.h4 Bf6
37.Qe2 Qa1 38.Rd3 Kg7 39.Qf3 Qa2 40.Kh3 Qc4 41.Qf4 e5 42.Qf3 Be7 43.Rc3 Qf1+
44.Kh2 a5 45.bxa5 Ra8 46.Nd3 Bd7 47.g4 Qa1 48.Rc7 Rd8 49.Nb4 Bd6 50.Rc2 Be6
51.Bg3 f6 52.a6 Bxb4 53.axb4 Qxa6 54.g5 Bc4 55.Rf2 fxg5 56.Bxe5+ Kh7 57.hxg5 Qe6
58.Qf6 Qxf6 59.gxf6 g5 60.Bc7 Rd7 61.Bb6 Kg6 62.e5 Rd1 63.Kg3  1/2-1/2

[Event "Reykjavik Open"]
[Site "Reykjavik ISL"]
[Date "2010.02.27"]
[Round "4"]
[White "Ansell,S"]
[Black "Scholzen,W"]
[Result "1-0"]
[WhiteElo "2381"]
[BlackElo "2040"]

1.d4 d5 2.c4 e6 3.Nc3 Nf6 4.Nf3 c6 5.e3 Bd6 6.Qc2 O-O 7.Be2 Nbd7 8.O-O dxc4
9.Bxc4 e5 10.h3 exd4 11.Nxd4 Nb6 12.Be2 Nbd5 13.Rd1 Nxc3 14.bxc3 Qe7 15.Nf5 Bxf5
16.Qxf5 Qe5 17.Qxe5 Bxe5 18.Bf3 Rfd8 19.Rxd8+ Rxd8 20.Rb1 b6 21.c4 Ne4 22.g4 Nd2
23.Bxd2 Rxd2 24.a4 c5 25.a5 Bc7 26.axb6 Bxb6 27.h4 h6 28.h5 Kf8 29.Bd5 Ke7
30.Kg2 Kf6 31.Kg3 g5 32.hxg6 Kxg6 33.f4 Re2 34.Kf3 Rh2 35.Kg3 Re2 36.Rb3 Rd2
37.Kf3 Rh2 38.Bc6 h5 39.g5 Ba5 40.Rd3 Rd2 41.Ra3 Bb6 42.Rb3 Rd1 43.Be4+ Kg7
44.Bd5 f6 45.gxf6+ Kxf6 46.Rb2 Rf1+ 47.Ke4 Rh1 48.Rg2 Ba5 49.Rg8 Bb4 50.Rf8+ Kg7
51.Rf7+ Kg6 52.Rxa7 Re1 53.Bf7+ Kh6 54.Kf5 Bc3 55.Bg8  1-0

[Event "IFPX Categoria A"]
[Site "Sao Paulo BRA"]
[Date "2010.02.27"]
[Round "6"]
[White "Del Bosco,R"]
[Black "De Oliveira,Jos"]
[Result "1/2-1/2"]
[WhiteElo "2113"]
[BlackElo "2054"]

1.d4 Nf6 2.c4 c6 3.Nf3 d5 4.e3 e6 5.Nc3 Nbd7 6.a3 Bd6 7.b3 O-O 8.Be2 e5 9.dxe5 Nxe5
10.cxd5 cxd5 11.Nb5 Nxf3+ 12.gxf3 Be5 13.Nd4 Qb6 14.Bb2 Bh3 15.f4 Bd6 16.Rg1 Ne4
17.Nc2 Qxb3 18.Bxg7 Rfc8 19.Bh6+ Kh8  1/2-1/2

[Event "Bundesliga 2009-10"]
[Site "Solingen GER"]
[Date "2010.02.27"]
[Round "10"]
[White "Handke,F"]
[Black "Ragger,M"]
[Result "0-1"]
[WhiteElo "2513"]
[BlackElo "2561"]

1.d4 d5 2.c4 c6 3.Nc3 Nf6 4.e3 e6 5.Nf3 Nbd7 6.Qc2 Bd6 7.Bd3 O-O 8.O-O dxc4
9.Bxc4 a6 10.Rd1 b5 11.Bf1 c5 12.dxc5 Bxc5 13.Ng5 Qb6 14.a4 b4 15.a5 Qc7
16.Nce4 h6 17.Nf3 Bb7 18.Nxc5 Nxc5 19.Bd2 Be4 20.Qc4 Bd5 21.Qxb4 Nb3 22.Ra3 Qc2
23.Be2 Rab8 24.Qc3 Rfc8 25.Qxc2 Rxc2 26.e4 Nxe4 27.Bf4 Rb4 28.Bd3 Rxb2 29.Be3 Nc3
30.Re1 Bxf3 31.gxf3 Nb5 32.Bxb5 Rxb5 33.Rd1 Nxa5 34.Rd8+ Kh7 35.Ra4 Rc2 36.Rdd4 Nc6
37.Rf4 Ne5 38.Bd4 g5 39.Re4 Nxf3+ 40.Kg2 Nxd4 41.Rexd4 Rf5  0-1

[Event "48th XtraCon TCh-DEN 2009-10"]
[Site "Denmark DEN"]
[Date "2010.03.01"]
[Round "4"]
[White "Pedersen,Stef"]
[Black "Hagen,Andr"]
[Result "1-0"]
[WhiteElo "2428"]
[BlackElo "2331"]

1.d4 Nf6 2.c4 e6 3.Nf3 d5 4.Nc3 c6 5.e3 Nbd7 6.Qc2 Bd6 7.Bd3 O-O 8.O-O dxc4
9.Bxc4 a6 10.Rd1 b5 11.Be2 Qc7 12.Ne4 Nxe4 13.Qxe4 e5 14.Qd3 exd4 15.Qxd4 Be7
16.Qf4 Qxf4 17.exf4 Nf6 18.Ne5 Bb7 19.Bf3 Rfd8 20.Be3 Nd5 21.Bxd5 cxd5 22.Bd4 Rac8
23.Ng4 Bd6 24.g3 Rd7 25.Ne3 f6 26.h4 h5 27.Rac1 Rxc1 28.Rxc1 Kf7 29.Rd1 Bb8
30.Kg2 Re7 31.f3 Rd7 32.Kf2 Re7 33.Bc5 Rd7 34.Nf5 g6 35.Nd4 Rd8 36.b4 Rg8
37.Rd2 Rc8 38.a3 Rg8 39.Rd1 Rc8 40.f5 Be5 41.fxg6+ Kxg6 42.Ne2 Rd8 43.f4 Bc7
44.Nd4 Re8 45.Nc2 Bc6 46.Ne3 Rd8 47.Rd4 Rd7 48.Rd2 Rd8 49.Rd1 Rd7 50.Bd4 Re7
51.f5+ Kf7 52.Rc1 Bb7 53.g4 hxg4 54.Nxg4 Bf4 55.Rd1 Be5 56.Bxe5 fxe5 57.Rg1 e4
58.Ke3 Kf8 59.f6 Rh7 60.Ne5 Rh5 61.Kd4 e3 62.Rg7 Rxh4+ 63.Kc5 Rc4+ 64.Kd6 e2
65.Nd7+  1-0

[Event "Gotth' Art Cup GM"]
[Site "Szentgotthard HUN"]
[Date "2010.03.02"]
[Round "8"]
[White "Fodor,T jr"]
[Black "Rapport,R"]
[Result "0-1"]
[WhiteElo "2417"]
[BlackElo "2444"]

1.d4 d5 2.c4 c6 3.Nc3 Nf6 4.e3 e6 5.Nf3 Nbd7 6.Qc2 Bd6 7.e4 dxe4 8.Nxe4 Nxe4
9.Qxe4 c5 10.Bg5 Be7 11.Bxe7 Qa5+ 12.Ke2 Kxe7 13.g3 Qb6 14.b3 Rd8 15.dxc5 Nxc5
16.Qe3 f6 17.Rd1 Rxd1 18.Kxd1 e5 19.Kc1 Be6 20.Be2 a5 21.Nd2 Qb4 22.Kb2 Rd8
23.Nb1 a4 24.Rc1 axb3 25.axb3 Bf5 26.Rd1 Rxd1 27.Bxd1 Nd3+ 28.Ka2 Qa5+ 29.Na3 Qc3  0-1

[Event "Reykjavik Open"]
[Site "Reykjavik ISL"]
[Date "2010.03.03"]
[Round "9"]
[White "Helgadottir,S"]
[Black "Finnbogadottir,T"]
[Result "0-1"]
[WhiteElo "1725"]
[BlackElo "1750"]

1.c4 e6 2.Nc3 d5 3.d4 Nf6 4.e3 c6 5.Nf3 Nbd7 6.Bd3 dxc4 7.Bxc4 b5 8.Bb3 a6
9.e4 b4 10.e5 bxc3 11.exf6 Bb4 12.fxg7 c2+  0-1

[Event "Reykjavik Open"]
[Site "Reykjavik ISL"]
[Date "2010.03.03"]
[Round "9"]
[White "Ni,V"]
[Black "Ingvason,J"]
[Result "1-0"]
[WhiteElo "2162"]
[BlackElo "2132"]

1.d4 d5 2.c4 c6 3.Nc3 e6 4.e3 Nf6 5.Nf3 Nbd7 6.Qc2 Bd6 7.Bd3 dxc4 8.Bxc4 b5
9.Bd3 Bb7 10.O-O a6 11.e4 e5 12.Bg5 O-O 13.dxe5 Nxe5 14.Nxe5 Bxe5 15.f4 Bd4+
16.Kh1 h6 17.Bh4 Qb6 18.Qe2 c5 19.e5 c4 20.Bb1 Bxc3 21.Bxf6 Qc6 22.Rf3 Rfe8
23.Bxg7 Kxg7 24.Rg3+ Kh8 25.bxc3 Rad8 26.Bc2 Rg8 27.Rg1 a5 28.f5 Rxg3 29.hxg3 Rg8
30.f6 Rg5 31.Rd1 Qc8 32.Be4 Rxg3 33.Bxb7 Qxb7 34.Rd8+ Kh7 35.Qc2+ Rg6 36.e6 Qb6
37.e7 Qxf6 38.e8=Q  1-0

[Event "TCh-ISL 2009-10"]
[Site "Rekjavik ISL"]
[Date "2010.03.05"]
[Round "6"]
[White "Einarsson,B"]
[Black "Hardarson,M"]
[Result "1-0"]
[WhiteElo "2210"]
[BlackElo "1842"]

1.d4 d5 2.c4 c6 3.Nf3 e6 4.e3 Nf6 5.Nc3 Nbd7 6.Bd3 Bd6 7.O-O O-O 8.Re1 dxc4
9.Bxc4 e5 10.Qc2 h6 11.Rd1 Qe7 12.Nh4 Nb6 13.Ng6 Qc7 14.dxe5 Bxe5 15.Nxe5 Qxe5
16.Bd3 Ng4 17.f4 Qh5 18.h3 Nf6 19.Qe2 Qc5 20.Kh2 Be6 21.e4 Bc4 22.Be3 Qb4
23.Bd4 Nfd7 24.Bxc4 Nxc4 25.Qg4 g6 26.Qxd7 Rad8 27.Qg4 Nxb2 28.Bf6 Nxd1 29.Qxd1 Rde8
30.Qd3 Re6 31.Be5 Qe7 32.Qg3 a6 33.Ne2 c5 34.Nc3 Kh7 35.Nd5 Qd8 36.Qc3 Rc6
37.Bf6 Qb8 38.Be7 h5 39.Bg5  1-0

[Event "81st ch-GER"]
[Site "Bad Liebenzell GER"]
[Date "2010.03.06"]
[Round "2"]
[White "Issing,P"]
[Black "Siebrecht,S"]
[Result "1/2-1/2"]
[WhiteElo "2291"]
[BlackElo "2457"]

1.d4 Nf6 2.c4 c6 3.Nc3 d5 4.e3 e6 5.Nf3 Nbd7 6.Bd2 Bd6 7.Qc2 O-O 8.Be2 Qe7
9.O-O dxc4 10.Bxc4 e5 11.h3 e4 12.Ng5 Nb6 13.Bb3 Bf5 14.f3 Rae8 15.fxe4 Bg6
16.Qd1 h6 17.e5 hxg5 18.exf6 gxf6 19.Qf3 Kg7 20.e4 c5 21.dxc5 Bxc5+ 22.Kh1 Bd6
23.Be3 Qe5 24.Bg1 Rh8 25.Rad1 Bb8 26.Rd2 Rh4 27.Rdf2 Rf4 28.Qg3 Rxf2 29.Qxe5 Bxe5
30.Bxf2 Rd8 31.Bxb6 axb6 32.Bd5 Bxc3 33.bxc3 f5 34.exf5 Rxd5 35.fxg6 Kxg6
36.Rb1 b5 37.Rb4 Rc5 38.Kg1 f5 39.Kf2 f4 40.Ke2 Kh5 41.Rb3 Kg6 42.Kf2 Kh5
43.Ke2 Kg6 44.Kd3 Kf5 45.Rb4 g4 46.hxg4+ Kxg4 47.a4 bxa4 48.Rxa4 Kg3 49.Ra2 Re5
50.Rb2 Re1 51.c4 Rg1 52.Ke4 Re1+ 53.Kd4 Re7 54.Rc2  1/2-1/2

[Event "26th ChessOrg Schachfestival"]
[Site "Bad Woerishofen GER"]
[Date "2010.03.06"]
[Round "1"]
[White "Malaniuk,V"]
[Black "Gradl,W"]
[Result "1-0"]
[WhiteElo "2582"]
[BlackElo "2035"]

1.d4 d5 2.c4 c6 3.e3 Nf6 4.Nc3 e6 5.Nf3 Nbd7 6.Qc2 Bd6 7.Bd3 O-O 8.O-O dxc4
9.Bxc4 c5 10.dxc5 Bxc5 11.a3 a6 12.b4 Ba7 13.a4 Nb6 14.Bd3 Qc7 15.a5 Nbd5
16.Nxd5 Qxc2 17.Nxf6+  1-0

[Event "TCh-NED 2009-10"]
[Site "Netherlands NED"]
[Date "2010.03.06"]
[Round "7"]
[White "Koopmans,C"]
[Black "Van de Oudeweetering,A"]
[Result "1/2-1/2"]
[WhiteElo "2163"]
[BlackElo "2337"]

1.d4 d5 2.Nf3 Nf6 3.c4 c6 4.Nc3 e6 5.e3 Nbd7 6.Bd3 dxc4 7.Bxc4 b5 8.Bd3 a6
9.a4 b4 10.Ne4 c5 11.O-O Bb7 12.Nxf6+ Nxf6 13.Qe2 cxd4 14.exd4 Qd5 15.Bf4 Qh5
16.Rac1 Be7 17.Ne5 Qxe2 18.Bxe2 Bd6 19.Bg3 O-O 20.Nc6 Bxg3 21.hxg3 Bxc6 22.Rxc6 a5
23.Bf3 Rfd8  1/2-1/2

[Event "TCh-NED 2009-10"]
[Site "Netherlands NED"]
[Date "2010.03.06"]
[Round "7"]
[White "Goormachtigh,J"]
[Black "Wagenaar,R"]
[Result "1/2-1/2"]
[WhiteElo "2230"]
[BlackElo "2172"]

1.d4 d5 2.c4 c6 3.Nf3 Nf6 4.Nc3 e6 5.e3 Nbd7 6.Bd3 dxc4 7.Bxc4 Bd6 8.O-O O-O
9.e4 e5 10.Bg5 b5 11.Bb3 b4 12.Ne2 h6 13.Bxf6 Qxf6 14.Rc1 Bb7 15.Ng3 exd4
16.Qxd4 Ne5 17.Nxe5 Qxe5 18.Rfd1 Qxd4 19.Rxd4 Bf4 20.Rc5 Rad8 21.Rxd8 Rxd8
22.Rf5 Bxg3 23.hxg3 Rd7 24.Ra5 Bc8 25.Kf1 Kf8 26.Ke2 Ke7 27.Ke3 f6 28.f4 Kd6
29.e5+ fxe5 30.fxe5+ Ke7 31.Ke4 Rc7 32.Kd4 Bf5 33.Bc4 g5 34.Ra6 Bc8 35.Ra5 Bf5
36.Be2 Be6 37.Bf3 g4 38.Be4 Rd7+ 39.Ke3 Rc7 40.Rc5 Bxa2 41.Bxc6 Bd5 42.Rxd5 Rxc6
43.Rb5 Rc2 44.Rxb4 Rxg2 45.Kf4 Ke6 46.Kxg4 Kxe5 47.b3 Kf6 48.Rf4+ Kg6 49.Ra4 h5+
50.Kf4 Rf2+ 51.Ke3 Rg2 52.Kf3 Rb2 53.Ra6+ Kf5 54.Ra5+ Kg6  1/2-1/2

[Event "81st ch-GER"]
[Site "Bad Liebenzell GER"]
[Date "2010.03.07"]
[Round "3"]
[White "Meister,P"]
[Black "Schloetzer,W"]
[Result "1-0"]
[WhiteElo "2407"]
[BlackElo "2293"]

1.d4 d5 2.c4 c6 3.Nf3 Nf6 4.Nc3 e6 5.e3 Nbd7 6.b3 Bd6 7.Bd3 O-O 8.Bb2 Re8
9.Qc2 dxc4 10.bxc4 e5 11.O-O exd4 12.exd4 Nf8 13.h3 Ng6 14.Rfe1 Nf4 15.Rxe8+ Qxe8
16.Re1 Qf8 17.Bf1 g6 18.Ne4 Nxe4 19.Qxe4 Bd7 20.d5 f6 21.Qd4 cxd5 22.c5 Bc7
23.g3 Nxh3+ 24.Kh2 Qh6 25.Qxd5+ Kf8 26.Qxd7 Nxf2+ 27.Kg2  1-0

[Event "81st ch-GER"]
[Site "Bad Liebenzell GER"]
[Date "2010.03.08"]
[Round "4"]
[White "Lentrodt,T"]
[Black "Siebrecht,S"]
[Result "1/2-1/2"]
[WhiteElo "2367"]
[BlackElo "2457"]

1.d4 d5 2.Nf3 Nf6 3.c4 c6 4.e3 e6 5.Nc3 Nbd7 6.cxd5 exd5 7.Bd3 Bd6 8.O-O O-O
9.Bd2 Re8 10.Qc2 Qe7 11.Ne2 Ne4 12.Ng3 Ndf6 13.Rfc1 Ng4 14.Be1 f5 15.Nf1 f4
16.h3 Ngf6 17.exf4 Bxf4 18.Bd2 Nxd2 19.N1xd2 Ne4 20.Re1 Bf5 21.Re2 Bxd2 22.Nxd2 Qb4
23.Nb3 Rf8 24.a3 Qb6 25.Rae1 Nd6 26.Nc5 Bxd3 27.Qxd3 Rf7 28.Qg3 Qd8 29.Re6 Nc4
30.R1e2 b6 31.Nd3 Qd7 32.a4 Raf8 33.Qg4 Qc7 34.b3 Nd6 35.Qg5 Nf5 36.R2e5 Nxd4
37.Re7 Qd6 38.Rxf7 Rxf7 39.Qe3 Nf5 40.Qf4 Ne7 41.Qe3 Ng6 42.Re8+ Rf8 43.Re6 Qd7
44.g3 Rf7 45.Re8+ Nf8 46.h4 c5 47.Nf4 d4 48.Qe4 Qf5 49.Qxf5 Rxf5 50.Kf1 Rf7
51.Nd3 Rf6 52.Re7 Rf7 53.Re8 Rc7 54.Ne5 g6 55.f4 Kg7 56.Ke2 h5 57.Kd3 Nh7
58.Re6 Nf6 59.Rd6 Rb7  1/2-1/2

[Event "26th ChessOrg Schachfestival"]
[Site "Bad Woerishofen GER"]
[Date "2010.03.08"]
[Round "3"]
[White "Schiffer,S"]
[Black "Schwetje,S"]
[Result "1-0"]
[WhiteElo "2125"]
[BlackElo "1965"]

1.d4 Nf6 2.c4 e6 3.Nc3 d5 4.Nf3 c6 5.e3 g6 6.Bd3 Bg7 7.O-O O-O 8.Re1 Nbd7
9.cxd5 exd5 10.b4 a6 11.a4 Re8 12.Qb3 Ne4 13.Ba3 Ndf6 14.h3 Be6 15.Qc2 Qc8
16.Kh2 Qc7+ 17.Ne5 Ng4+ 18.hxg4 Bxe5+ 19.dxe5 Bxg4 20.Bxe4 Qxe5+ 21.Kg1 dxe4
22.Ne2 h5 23.Bb2 Qe7 24.Qc3  1-0

[Event "11th EICC Women"]
[Site "Rijeka CRO"]
[Date "2010.03.08"]
[Round "3"]
[White "Butuc,M"]
[Black "Dolzhykova,K"]
[Result "1/2-1/2"]
[WhiteElo "2194"]
[BlackElo "2290"]

1.Nf3 d5 2.d4 Nf6 3.c4 c6 4.Nc3 e6 5.e3 Nbd7 6.Qc2 Bd6 7.b3 O-O 8.Be2 e5
9.cxd5 cxd5 10.Nb5 Bb4+ 11.Bd2 Bxd2+ 12.Nxd2 a6 13.dxe5 Nxe5 14.Nd4 Bg4 15.Bxg4 Nfxg4
16.O-O Rc8 17.Qd1 Qd6 18.N2f3 Rc3 19.Rc1 Rfc8 20.Qd2 Qc7 21.Rxc3 Qxc3 22.Qxc3 Rxc3
23.Ne2 Rc2 24.Nxe5 Nxe5 25.Rc1 Rxc1+ 26.Nxc1 Kf8 27.Kf1 Ke7 28.Ke2 Kd6 29.Nd3 Nd7
30.Kd2 f5 31.h4 h6 32.Kc3 b6 33.b4 g5 34.hxg5 hxg5 35.f3 Nf8 36.g4 fxg4 37.fxg4 Ne6
38.Ne1 a5  1/2-1/2

[Event "XIV Vasconcellos Mem"]
[Site "Brasilia BRA"]
[Date "2010.03.09"]
[Round "2"]
[White "Aguiar,L"]
[Black "Stamenkovic,Dr"]
[Result "1-0"]
[WhiteElo "2059"]
[BlackElo "2384"]

1.d4 Nf6 2.c4 e6 3.Nf3 d5 4.Nc3 c6 5.e3 Nbd7 6.Bd3 dxc4 7.Bxc4 b5 8.Bd3 a6
9.e4 c5 10.d5 c4 11.Bc2 Qc7 12.O-O Bb7 13.dxe6 fxe6 14.Nd4 Nc5 15.Be3 e5
16.Nf5 g6 17.Nh6 Ncxe4 18.Nxe4 Nxe4 19.Qg4 Bxh6 20.Bxe4 Bxe3 21.Bxb7 Qxb7
22.fxe3 Qe7 23.a4 Rf8 24.Rxf8+ Qxf8 25.Qe6+  1-0

[Event "XIV Vasconcellos Mem"]
[Site "Brasilia BRA"]
[Date "2010.03.10"]
[Round "4"]
[White "Hobaica,J"]
[Black "Stamenkovic,Dr"]
[Result "1/2-1/2"]
[WhiteElo "2405"]
[BlackElo "2384"]

1.d4 d5 2.c4 c6 3.Nf3 Nf6 4.Nc3 e6 5.e3 Nbd7 6.Qc2 Bd6 7.Bd3 O-O 8.O-O h6
9.Rd1 Re8 10.h3 Qe7 11.e4  1/2-1/2

[Event "11th EICC Women"]
[Site "Rijeka CRO"]
[Date "2010.03.10"]
[Round "5"]
[White "Kushka,A"]
[Black "Dolzhykova,K"]
[Result "0-1"]
[WhiteElo "2164"]
[BlackElo "2290"]

1.d4 d5 2.c4 c6 3.Nc3 Nf6 4.e3 e6 5.Nf3 Nbd7 6.Bd3 dxc4 7.Bxc4 b5 8.Be2 Bb7
9.O-O a6 10.e4 c5 11.e5 Nd5 12.a4 b4 13.Ne4 h6 14.a5 Qc7 15.Qd3 Be7 16.Bd2 O-O
17.Rfc1 Rac8 18.Rc2 Qb8 19.Rac1 Qa7 20.Ng3 cxd4 21.Rxc8 Rxc8 22.Rxc8+ Bxc8
23.Qe4 Qc5 24.Nxd4 f5 25.exf6 N7xf6 26.Qc2 Qxd4 27.Qxc8+ Kf7 28.Qc1 Bd8 29.Bxa6 Bxa5
30.Be2 Bb6 31.Be1 Nf4 32.Qd2 N6d5 33.Qxd4 Bxd4 34.b3 Bc3 35.Kf1 Bxe1 36.Kxe1 Nxg2+
37.Kd2 Ngf4 38.Bf3 Kf6 39.Ne4+ Ke5 40.Nc5 Kd4 41.Ne4 Nc3 42.Ng3 Nd3 43.Bg4 Nxf2
44.Bxe6 Nfe4+ 45.Kc2 Nxg3 46.hxg3 Ne2 47.g4 Ke3  0-1

[Event "FSGM March"]
[Site "Budapest HUN"]
[Date "2010.03.11"]
[Round "6"]
[White "Simantsev,M"]
[Black "Sharma,Di"]
[Result "1/2-1/2"]
[WhiteElo "2524"]
[BlackElo "2361"]

1.d4 d5 2.c4 c6 3.Nc3 Nf6 4.Nf3 e6 5.e3 Nbd7 6.Qc2 Bd6 7.b3 O-O 8.Be2 dxc4
9.bxc4 e5 10.O-O Re8 11.a4 Qe7 12.c5 Bc7 13.Ba3 e4 14.Nd2 Nf8 15.Nc4 Bg4
16.Nd6 Bxe2 17.Qxe2 Bxd6 18.cxd6 Qd7 19.a5 Ng6 20.Rab1 Nh4 21.f3 exf3 22.gxf3 Nf5
23.Ne4 Nxe4 24.fxe4 Nxd6 25.Bxd6 Qxd6 26.Rxb7 Rxe4 27.Rfxf7 Qg6+ 28.Kh1 Rae8
29.Rxa7 Rxe3 30.Rxg7+ Qxg7 31.Rxg7+ Kxg7 32.Qg2+ Kf6 33.Qxc6+ Kf5 34.Qd7+ Kf4
35.Qf7+ Kg4 36.Qg7+ Kf3 37.Qf7+ Kg4 38.Qd7+ Kf4 39.Qd6+ Kg4 40.Qd7+ Kf4  1/2-1/2

[Event "Parachute Advansed Int"]
[Site "Dhaka BAN"]
[Date "2010.03.12"]
[Round "6"]
[White "Mohammed Abdul,M"]
[Black "Shamima,A"]
[Result "0-1"]
[WhiteElo "2272"]
[BlackElo "2092"]

1.d4 d5 2.c4 c6 3.Nf3 Nf6 4.Nc3 e6 5.e3 Nbd7 6.Bd3 dxc4 7.Bxc4 b5 8.Bd3 Bb7
9.O-O a6 10.Qe2 c5 11.Rd1 Qc7 12.Bc2 Be7 13.a3 Rc8 14.dxc5 Bxc5 15.h3 h5
16.Bd2 Ne5 17.Ng5 Neg4 18.hxg4 hxg4 19.g3 Rh1+  0-1

[Event "81st ch-GER"]
[Site "Bad Liebenzell GER"]
[Date "2010.03.13"]
[Round "9"]
[White "Siebrecht,S"]
[Black "Bindrich,F"]
[Result "1/2-1/2"]
[WhiteElo "2457"]
[BlackElo "2532"]

1.d4 d5 2.Nf3 Nf6 3.c4 c6 4.Nc3 e6 5.e3 Nbd7 6.Qc2 Bd6 7.Bd3 O-O 8.O-O dxc4
9.Bxc4 b5 10.Be2 Bb7 11.Rd1 Qc7 12.e4 e5 13.g3 Rfe8 14.dxe5 Nxe5 15.Nd4 Rad8
16.Nf5 Bc5 17.Be3 Bxe3 18.Nxe3 a6 19.Rac1 c5 20.Ncd5 Nxd5 21.Nxd5 Bxd5 22.exd5 Nd7
23.Bg4 Ne5 24.Be2 Nd7 25.Bf1 Qd6 26.Bh3 c4 27.b3 Ne5 28.bxc4 bxc4 29.Bg2 Nd3
30.Rb1 Rc8 31.Qc3 h5 32.h4 Rc5 33.Rd2 a5 34.Rbd1 Rd8 35.Re2 a4 36.Be4 g6
37.Bxd3 cxd3 38.Qxd3 Rxd5 39.Qxd5 Qxd5 40.Rxd5 Rxd5 41.Re4 a3 42.Re3 Ra5
43.Kf1 Kg7 44.Ke1 f6 45.f4 g5 46.hxg5 fxg5 47.fxg5  1/2-1/2